Catálogo
 En Linea

El desarrollo económico local y la competitividad sistémica en la provincia de la Vega : (Registro nro. 3024)

Detalles MARC
000 -CABECERA
campo de control de longitud fija 01138nam a2200265 u 4500
001 - NÚMERO DE CONTROL
campo de control 000003193
003 - IDENTIFICADOR DEL NÚMERO DE CONTROL
campo de control DO-SdBNP
005 - FECHA Y HORA DE LA ÚLTIMA TRANSACCIÓN
campo de control 20220408091206.0
007 - CAMPO FIJO DE DESCRIPCIÓN FÍSICA--INFORMACIÓN GENERAL
campo de control de longitud fija ta
008 - DATOS DE LONGITUD FIJA--INFORMACIÓN GENERAL
campo de control de longitud fija 090707s2002 dr ac r 001 0 spa d
040 ## - FUENTE DE LA CATALOGACIÓN
Centro catalogador/agencia de origen DO-SdBNP
Lengua de catalogación spa
Centro/agencia transcriptor BNPHU
082 #4 - NÚMERO DE LA CLASIFICACIÓN DECIMAL DEWEY
Número de clasificación 338.97293697
Número de documento/Ítem D441e
Número de edición 22
245 13 - MENCIÓN DE TÍTULO
Título El desarrollo económico local y la competitividad sistémica en la provincia de la Vega :
Resto del título avances del proceso de planificación /
Mención de responsabilidad, etc. edición, Hernán Aristizábal ; Enrique de León
260 ## - PUBLICACIÓN, DISTRIBUCIÓN, ETC.
Lugar de publicación, distribución, etc. La Vega :
Nombre del editor, distribuidor, etc. Agencia de Desarrollo Económico Local de la Vega,
Fecha de publicación, distribución, etc. 2002.
300 ## - DESCRIPCIÓN FÍSICA
Extensión 156 p. :
Otras características físicas il.; fots;
Dimensiones 22 cm.
500 ## - NOTA GENERAL
Nota general Proyecto de descentralización y desarrollo local ONAPLAN-GTZ.
500 ## - NOTA GENERAL
Nota general Proyecto de fomento a pequeña y mediana empresa.
590 ## - NOTA LOCAL (RLIN)
Nota local Inventariado 2022/SA
650 #4 - PUNTO DE ACCESO ADICIONAL DE MATERIA--TÉRMINO DE MATERIA
9 (RLIN) 62264
Término de materia o nombre geográfico como elemento de entrada Planificación Económica
Subdivisión geográfica La Vega
-- República Dominicana
650 #4 - PUNTO DE ACCESO ADICIONAL DE MATERIA--TÉRMINO DE MATERIA
9 (RLIN) 33296
Término de materia o nombre geográfico como elemento de entrada Desarrollo económico
651 #4 - PUNTO DE ACCESO ADICIONAL DE MATERIA--NOMBRE GEOGRÁFICO
Nombre geográfico La Vega, República Dominicana
9 (RLIN) 81309
Subdivisión general Condiciones económicas
651 #4 - PUNTO DE ACCESO ADICIONAL DE MATERIA--NOMBRE GEOGRÁFICO
Nombre geográfico Republica Dominicana, La Vega
Subdivisión general Política económica
9 (RLIN) 81416
910 ## - DATOS DE OPCIÓN DEL USUARIO (OCLC)
Datos de opción del usuario Validado. Control de calidad MFF
942 ## - ELEMENTOS DE PUNTO DE ACCESO ADICIONAL (KOHA)
Fuente del sistema de clasificación o colocación Dewey Decimal Classification
Tipo de ítem Koha Libro
Existencias
Estado de retiro Estado de pérdida Fuente del sistema de clasificación o colocación Restricciones de uso No para préstamo Código de colección Localización permanente Ubicación/localización actual Ubicación en estantería Fecha de adquisición Fuente de adquisición Total de préstamos Signatura topográfica completa Código de barras Fecha visto por última vez Número de copia Precio válido a partir de Tipo de ítem Koha
    Dewey Decimal Classification Préstamo en sala   Dominicana de Servicio Biblioteca Nacional Pedro Henríquez Ureña Biblioteca Nacional Pedro Henríquez Ureña Depósito 29.07.2013 Donado   BNPHU DS 338.97293697 D441e 3193-30 25.06.2020 e.3 25.06.2020 Libro
    Dewey Decimal Classification Préstamo restringido   Patrimonio Dominicano Biblioteca Nacional Pedro Henríquez Ureña Biblioteca Nacional Pedro Henríquez Ureña Depósito 07.07.2009 Donado   BNPHU PD 338.97293697 D441e 3193-20 25.06.2020 e.2 25.06.2020 Libro
    Dewey Decimal Classification Préstamo restringido   Patrimonio Dominicano Biblioteca Nacional Pedro Henríquez Ureña Biblioteca Nacional Pedro Henríquez Ureña Depósito 07.07.2009 Donado   BNPHU PD 338.97293697 D441e 3193-10 25.06.2020   25.06.2020 Libro

Con tecnología Koha